000 01102cam a22003011i 4500
003 SA-RiAUC
005 20241203130447.0
008 241124s1987 ku g b 000 0 ara c
040 _aSA-RiAUC
_bara
_cSA-RiAUC
_erda
050 4 _b.Y87 1987
082 0 4 _a257.5
090 _a257.5
_b ي و س
100 1 _aيوسف، عبد الحسيب عبد السلام
_eمؤلف.
245 1 2 _aالقاضي والبينة /
_cإعداد عبد الحسيب عبد السلام يوسف.
250 _aالطبعة الأولى.
264 1 _aالكويت :
_bمكتبة المعلا،
_c1987
300 _a573 صفحة ؛
_c24 سم.
336 _aنص
_btxt
_2rdacontent
_3كتاب
337 _aبدون وسيط
_bn
_2rdamedia
338 _aمجلد
_bnc
_2rdacarrier
490 1 _aرسائل جامعية ؛
_v4
504 _aببليوجرافية : صفحة 551-567.
650 7 _aالقضاء في الإسلام
_2aucsh
830 0 _aرسائل جامعية (مكتبة المعلا)
_v4
942 _2ddc
_cBOOK
_n0
949 _aSA-JeALM
_d241124
_umohamedma123
_n1
999 _c2980
_d2980